=LDR 00000nam 2200000 4500 =001 INLIS000000001052416 =005 20240829090301 =035 ##$$a 0010-0824000234 =007 ta =008 240829################a##########1###### =020 ##$$a 978-89-6509-701-3 =082 ##$$a 028.55 =084 ##$$a 028.55 SON b =100 #$$a Song Soo-eun =245 1#$$a Bayi dinosaurus, jangan menangis /$c Song Soo-eun =260 ##$$a Tongkeun World :$b Gyeonggi-do =300 ##$$a 29 hlm : $b ilus ; $c 22,3 x 23,7 cm =650 #4$$a Bacaan Kanak-kanak =990 ##$$a 18001800